[Event "Titled Tue 24th Jun Early"]
[Site "chess.com INT"]
[Date "2025.06.24"]
[Round "4"]
[White "Pranesh, M"]
[Black "Papasimakopoulos, Alexandros"]
[Result "1-0"]
[WhiteTitle "GM"]
[BlackTitle "IM"]
[WhiteElo "2580"]
[BlackElo "2366"]
[WhiteFideId "35028600"]
[BlackFideId "4244125"]
[EventDate "2025.06.24"]

1. Nf3 Nf6 2. g3 b6 3. Bg2 Bb7 4. O-O e6 5. b3 Be7 6. Bb2 O-O 7. c4 d5 8. d4
Nbd7 9. Nbd2 dxc4 10. Nxc4 c5 11. Rc1 Rc8 12. Nfe5 Bxg2 13. Kxg2 cxd4 14. Qxd4
Nxe5 15. Nxe5 Qxd4 16. Bxd4 Nd5 17. Nc6 Rc7 18. Be5 Rd7 19. e4 f6 20. exd5 fxe5
21. dxe6 Rb7 22. Nxe5 Re8 23. Rfe1 Ba3 24. Rc6 b5 25. f4 g6 26. g4 Kg7 27. Rd1
Ree7 28. g5 Bb2 29. Nd7 Ba3 30. Kf3 a5 31. Nf6 Bb2 32. Nd5 Re8 33. Nc7 Re7 34.
Rd7 Kf8 35. Rxe7 Kxe7 36. Nd5+ Kd8 37. e7+ Rxe7 38. Nxe7 Kxe7 39. Rc5 1-0

[Event "Titled Tue 24th Jun Early"]
[Site "chess.com INT"]
[Date "2025.06.24"]
[Round "4"]
[White "Sorokin, Aleksey"]
[Black "Shevchenko, Yaroslav"]
[Result "1-0"]
[WhiteTitle "GM"]
[WhiteElo "2530"]
[BlackElo "2179"]
[WhiteFideId "24176460"]
[BlackFideId "34144684"]
[EventDate "2025.06.24"]

1. d4 e6 2. c4 d5 3. Nc3 a6 4. cxd5 exd5 5. Nf3 c6 6. Bf4 Nf6 7. e3 Bf5 8. Ne5
Nbd7 9. g4 Nxe5 10. gxf5 Nc4 11. Bxc4 dxc4 12. Qe2 b5 13. Rg1 Qd7 14. e4 O-O-O
15. O-O-O Re8 16. Be5 h5 17. f4 Ng4 18. h3 Nh6 19. f6 gxf6 20. Bxf6 Rg8 21. Bg5
Qxh3 22. d5 Ng4 23. d6 Kd7 24. e5 Qe3+ 25. Qxe3 Nxe3 26. Rde1 Nf5 27. Ne4 Rg6
28. Nc5+ 1-0

[Event "Titled Tue 24th Jun Early"]
[Site "chess.com INT"]
[Date "2025.06.24"]
[Round "4"]
[White "Shimanov, Aleksandr"]
[Black "Asensio Ramos, Enrique Fernando"]
[Result "1-0"]
[WhiteTitle "GM"]
[BlackTitle "CM"]
[WhiteElo "2578"]
[BlackElo "2200"]
[WhiteFideId "4198603"]
[BlackFideId "2214172"]
[EventDate "2025.06.24"]

1. d4 d5 2. c4 e6 3. Nc3 h6 4. cxd5 exd5 5. Bf4 a6 6. e3 Nf6 7. Bd3 Bd6 8. Bxd6
Qxd6 9. Nf3 O-O 10. h3 Nc6 11. O-O Re8 12. a3 Ne4 13. Qb3 Ng5 14. Nxg5 hxg5 15.
Qxd5 Qh6 16. Ne4 g4 17. hxg4 Bxg4 18. Qg5 Qxg5 19. Nxg5 Rad8 20. Bc4 Bh5 21.
Rac1 Re7 22. Nh3 Bg4 23. Nf4 Na5 24. Ba2 b5 25. Rc5 Rd6 26. Rfc1 c6 27. b4 Nc4
28. Bxc4 bxc4 29. R1xc4 g5 30. Rxg5+ 1-0

[Event "Titled Tue 24th Jun Early"]
[Site "chess.com INT"]
[Date "2025.06.24"]
[Round "4"]
[White "Dudzinski, Piotr"]
[Black "Henriquez Villagra, Cristobal"]
[Result "0-1"]
[WhiteTitle "FM"]
[BlackTitle "GM"]
[WhiteElo "2335"]
[BlackElo "2597"]
[WhiteFideId "1119362"]
[BlackFideId "3409350"]
[EventDate "2025.06.24"]

1. e4 c5 2. c3 a6 3. d4 e6 4. Nf3 d5 5. e5 Nc6 6. a3 Qb6 7. b4 cxd4 8. cxd4 Nge7
9. Bd3 Nf5 10. Bb2 Bd7 11. Bxf5 exf5 12. O-O Be7 13. Nc3 Be6 14. Na4 Qc7 15. Rc1
O-O 16. Nc5 h6 17. Qb3 Bxc5 18. dxc5 d4 19. Qd3 Rad8 20. Rfd1 Rd5 21. Qe2 Rfd8
22. Rd2 Nxe5 23. Nxd4 Ng4 24. g3 Qe7 25. Rcd1 Qg5 26. Nxe6 Rxd2 27. Nxg5 Rxd1+
28. Kg2 R1d2 29. Qe1 Rxf2+ 30. Kg1 hxg5 31. h3 Rxb2 32. hxg4 f4 33. gxf4 gxf4
34. Kf1 f3 35. Qc1 Rdd2 0-1

[Event "Titled Tue 24th Jun Early"]
[Site "chess.com INT"]
[Date "2025.06.24"]
[Round "4"]
[White "Yushko, Olga"]
[Black "Leung, Hoi Ting"]
[Result "1-0"]
[WhiteTitle "WFM"]
[BlackTitle "WCM"]
[WhiteElo "2033"]
[BlackElo "1618"]
[WhiteFideId "14114500"]
[BlackFideId "6003770"]
[EventDate "2025.06.24"]

1. d4 Nf6 2. c4 e6 3. Nc3 d5 4. cxd5 exd5 5. Bg5 Be6 6. e3 Be7 7. Bd3 O-O 8. Qc2
h6 9. Bh4 Nbd7 10. Nge2 c5 11. O-O c4 12. Bf5 a6 13. Nf4 Bxf5 14. Qxf5 g5 15.
Bxg5 hxg5 16. Qxg5+ Kh8 17. Qh6+ Nh7 18. Ncxd5 Bg5 19. Qh3 Nf6 20. Qf5 Nxd5 21.
Nxd5 Rc8 22. f4 Bh6 23. Qh5 Qd6 24. Rf3 Qg6 25. Qxg6 fxg6 26. Ne7 Rc7 27. Nxg6+
Kg7 28. Nxf8 Kxf8 29. e4 b5 30. d5 b4 31. d6 Rc6 32. e5 Ke8 33. Rh3 Bxf4 34.
Rxh7 Bxe5 35. Re1 Rxd6 36. Rxe5+ Kd8 37. Rg5 Kc8 38. Rc5+ Kb8 39. Rxc4 1-0

[Event "Titled Tue 24th Jun Early"]
[Site "chess.com INT"]
[Date "2025.06.24"]
[Round "4"]
[White "Li, Hui"]
[Black "Anakok, Deniz"]
[Result "0-1"]
[WhiteTitle "CM"]
[BlackTitle "CM"]
[WhiteElo "2041"]
[BlackElo "2058"]
[WhiteFideId "15400310"]
[BlackFideId "51603586"]
[EventDate "2025.06.24"]

1. e4 c5 2. Nf3 e6 3. d4 cxd4 4. Nxd4 Nf6 5. Nc3 Nc6 6. Ndb5 Bb4 7. a3 Bxc3+ 8.
Nxc3 d5 9. exd5 exd5 10. Bd3 O-O 11. O-O d4 12. Ne2 Bg4 13. f3 Bh5 14. Bg5 h6
15. Bh4 Qd6 16. Bg3 Qc5 17. Nf4 Rad8 18. Nxh5 Nxh5 19. Bf2 Nf4 20. Qd2 Qg5 21.
Be1 Ne5 22. Kh1 Nfxd3 23. cxd3 Qxd2 24. Bxd2 Nxd3 25. Rad1 Nxb2 26. Rb1 Nc4 27.
Bb4 Rfe8 28. Rfc1 Ne3 29. h4 d3 30. Bd2 b6 31. Rb3 Nf5 32. Rcc3 Ng3+ 33. Kg1
Ne2+ 34. Kf2 Nxc3 35. Bxc3 d2 0-1

[Event "Titled Tue 24th Jun Early"]
[Site "chess.com INT"]
[Date "2025.06.24"]
[Round "4"]
[White "Cahaya, Satria Duta"]
[Black "Bortnyk, Olexandr"]
[Result "0-1"]
[WhiteTitle "FM"]
[BlackTitle "GM"]
[WhiteElo "2386"]
[BlackElo "2601"]
[WhiteFideId "7124252"]
[BlackFideId "14120828"]
[EventDate "2025.06.24"]

1. e4 Nf6 2. e5 Nd5 3. d4 d6 4. c4 Nb6 5. exd6 exd6 6. Nc3 Be7 7. h3 O-O 8. Nf3
Nc6 9. Be2 Bf5 10. O-O Bf6 11. Bf4 h6 12. b3 Re8 13. Qd2 Ne7 14. Rfe1 c6 15. Bf1
Qd7 16. a4 a5 17. Re2 Ng6 18. Be3 d5 19. c5 Nc8 20. Rae1 Nce7 21. g4 Be4 22. Bg2
Rad8 23. Ne5 Bxe5 24. Nxe4 dxe4 25. dxe5 Qc7 26. Qc2 Nd5 27. Bxe4 Nxe5 28. Kg2
Nb4 29. Qc3 Nxg4 30. Bd4 Qh2+ 31. Kf3 Qxh3+ 32. Kf4 g5+ 33. Kf5 Ne3+ 34. Kf6
Qe6# 0-1

[Event "Titled Tue 24th Jun Early"]
[Site "chess.com INT"]
[Date "2025.06.24"]
[Round "4"]
[White "Klukin, Kirill"]
[Black "Ismagilov, Damir"]
[Result "1/2-1/2"]
[WhiteTitle "IM"]
[BlackTitle "CM"]
[WhiteElo "2401"]
[BlackElo "2173"]
[WhiteFideId "24199273"]
[BlackFideId "34199982"]
[EventDate "2025.06.24"]

1. Nf3 Nf6 2. e3 c5 3. b3 d5 4. Bb2 e6 5. Bb5+ Nbd7 6. O-O Be7 7. Ne5 O-O 8. f4
Qc7 9. Bxd7 Nxd7 10. Nxd7 Bxd7 11. d3 f6 12. Nd2 b5 13. Qe2 Rfe8 14. e4 Bf8 15.
Rae1 a5 16. Qf3 Bc6 17. Qg3 Qf7 18. f5 e5 19. exd5 Bxd5 20. Ne4 c4 21. dxc4 bxc4
22. Nc3 Bc6 23. Bc1 a4 24. Nxa4 Bxa4 25. bxa4 Rxa4 26. a3 Rea8 27. Rf3 Qa7+ 28.
Kh1 Bxa3 29. Bxa3 Rxa3 30. h3 Ra1 31. Rff1 Rxe1 32. Rxe1 Qd4 33. Qf3 Ra1 34.
Rxa1 Qxa1+ 35. Kh2 Qd4 36. Qa8+ Kf7 37. Qb7+ Kf8 38. Qc8+ Ke7 39. Qe6+ Kf8 40.
Qc8+ Kf7 41. Qe6+ Kf8 42. Qc8+ 1/2-1/2

[Event "Titled Tue 24th Jun Early"]
[Site "chess.com INT"]
[Date "2025.06.24"]
[Round "4"]
[White "Golis, Wiktor"]
[Black "Logachiov, Aleksandr"]
[Result "1-0"]
[WhiteTitle "FM"]
[BlackTitle "CM"]
[WhiteElo "2307"]
[BlackElo "2129"]
[WhiteFideId "21055874"]
[BlackFideId "24123706"]
[EventDate "2025.06.24"]

1. Nf3 Nf6 2. g3 g6 3. Bg2 c5 4. O-O Bg7 5. c4 Nc6 6. d4 cxd4 7. Nxd4 O-O 8. Nc3
Ne8 9. Be3 Nc7 10. Qd2 Nxd4 11. Bxd4 d6 12. Rfd1 Rb8 13. Bxa7 Ra8 14. Bd4 Bxd4
15. Qxd4 Ne6 16. Qd2 Nc5 17. b3 Be6 18. Rac1 Qa5 19. Bd5 Bf5 20. h4 Rfb8 21. h5
Ra6 22. hxg6 hxg6 23. Qg5 e6 24. Bf3 Qd8 25. Qxd8+ Rxd8 26. e4 Bh3 27. Kh2 d5
28. Kxh3 d4 29. Nb5 e5 30. Rd2 f5 31. exf5 gxf5 32. Bd5+ Kg7 33. Kg2 Rg6 34. Re1
Re8 35. Nxd4 1-0

[Event "Titled Tue 24th Jun Early"]
[Site "chess.com INT"]
[Date "2025.06.24"]
[Round "4"]
[White "Lugo, Blas"]
[Black "Carroll, Thomas"]
[Result "0-1"]
[WhiteTitle "IM"]
[WhiteElo "2399"]
[BlackElo "2131"]
[WhiteFideId "2011263"]
[BlackFideId "450111"]
[EventDate "2025.06.24"]

1. e4 Nc6 2. Nc3 Nf6 3. Nf3 d5 4. e5 Nd7 5. d4 e6 6. a3 f6 7. exf6 Nxf6 8. Bd3
Bd6 9. O-O O-O 10. Bg5 Qe8 11. Qd2 Qh5 12. Rae1 Nxd4 13. Ne5 Ng4 14. Nxg4 Qxg4
15. f4 h6 16. h3 Qh5 17. Ne2 Bc5 18. Kh2 hxg5 19. Nxd4 Bxd4 20. Be2 Qh4 21. Qxd4
Rxf4 22. Rxf4 Qxf4+ 23. Qxf4 gxf4 24. Bg4 Kf7 25. Kg1 Kf6 26. Kf2 e5 27. Bxc8
Rxc8 0-1

[Event "Titled Tue 24th Jun Early"]
[Site "chess.com INT"]
[Date "2025.06.24"]
[Round "4"]
[White "Fernandez Siles, Luis"]
[Black "Skiadopoulos, Nikolaos"]
[Result "1-0"]
[WhiteTitle "FM"]
[BlackTitle "CM"]
[WhiteElo "2170"]
[BlackElo "1882"]
[WhiteFideId "2209420"]
[BlackFideId "4200772"]
[EventDate "2025.06.24"]

1. d4 Nf6 2. c4 c5 3. d5 b5 4. Nd2 bxc4 5. e4 c3 6. bxc3 g6 7. Bd3 Bg7 8. f4 O-O
9. Ngf3 d6 10. O-O Nfd7 11. Qc2 Ba6 12. Rb1 Bxd3 13. Qxd3 Qc7 14. c4 Na6 15. Bb2
Bxb2 16. Rxb2 Rab8 17. Nb3 Nb4 18. Qe3 a5 19. f5 a4 20. Nbd2 Nxd5 21. exd5 Rxb2
22. Qh6 Rfb8 23. Ng5 Nf8 24. fxg6 f6 25. gxh7+ Kh8 26. Nf7# 1-0

[Event "Titled Tue 24th Jun Early"]
[Site "chess.com INT"]
[Date "2025.06.24"]
[Round "4"]
[White "Pranav, V"]
[Black "Makarian, Rudik"]
[Result "1/2-1/2"]
[WhiteTitle "GM"]
[BlackTitle "IM"]
[WhiteElo "2595"]
[BlackElo "2524"]
[WhiteFideId "25060783"]
[BlackFideId "44105681"]
[EventDate "2025.06.24"]

1. e4 e5 2. Nf3 Nc6 3. Nc3 Nf6 4. Bb5 Nd4 5. O-O c6 6. Bd3 Nxf3+ 7. Qxf3 d6 8.
Be2 Be7 9. Qg3 O-O 10. d3 Be6 11. Kh1 Kh8 12. f4 exf4 13. Bxf4 d5 14. Be5 Rg8
15. Bf3 Rc8 16. Rae1 Nd7 17. exd5 cxd5 18. Qf2 Nxe5 19. Rxe5 Bf6 20. Re2 Bxc3
21. bxc3 Qb6 22. Qxb6 axb6 23. Rb1 Rxc3 24. Rxb6 g6 25. Rxb7 Rgc8 26. h3 Rxc2
27. Rxc2 Rxc2 28. Rb5 Rxa2 29. Bxd5 Bxd5 30. Rxd5 Kg7 1/2-1/2

[Event "Titled Tue 24th Jun Early"]
[Site "chess.com INT"]
[Date "2025.06.24"]
[Round "4"]
[White "Caprio, Guido"]
[Black "Korobov, Anton"]
[Result "0-1"]
[WhiteTitle "IM"]
[BlackTitle "GM"]
[WhiteElo "2435"]
[BlackElo "2631"]
[WhiteFideId "834580"]
[BlackFideId "14105730"]
[EventDate "2025.06.24"]

1. d4 Nf6 2. c4 e6 3. Nc3 Bb4 4. e3 O-O 5. Bd3 d5 6. Ne2 b6 7. a3 Bd6 8. e4 dxe4
9. Nxe4 Bb7 10. Nxd6 Qxd6 11. Bf4 Qe7 12. O-O Rd8 13. Bg5 h6 14. Bh4 Nbd7 15.
Nc3 c5 16. d5 exd5 17. cxd5 Qe5 18. Bg3 Qd4 19. Qc2 c4 20. Bf5 Qc5 21. Rad1 Nf8
22. d6 Nh5 23. Be4 Nxg3 24. hxg3 Rab8 25. Rfe1 Rxd6 26. Rxd6 Qxd6 27. Nb5 Qc5 0-1

[Event "Titled Tue 24th Jun Early"]
[Site "chess.com INT"]
[Date "2025.06.24"]
[Round "4"]
[White "Mangialardo, Tiago Carvalho"]
[Black "Goryachkina, Aleksandra"]
[Result "0-1"]
[BlackTitle "GM"]
[WhiteElo "1979"]
[BlackElo "2533"]
[WhiteFideId "2130718"]
[BlackFideId "4147103"]
[EventDate "2025.06.24"]

1. e4 c5 2. Nf3 d6 3. d4 cxd4 4. Nxd4 Nf6 5. Nc3 a6 6. f3 e5 7. Nb3 Be6 8. Be3
Nbd7 9. Qd2 h5 10. O-O-O Be7 11. h3 h4 12. f4 Rc8 13. f5 Bxb3 14. a3 Bc4 15. Kb1
b5 16. Bf2 Qc7 17. Qg5 Nxe4 18. Qxg7 Bf6 19. Qxh8+ Bxh8 20. Nxe4 d5 21. Bxc4
dxe4 22. Bb3 Nc5 23. Bxc5 Qxc5 24. Rd5 Qf2 25. Rhd1 e3 26. Rc1 e2 27. Rd2 e1=Q 0-1

[Event "Titled Tue 24th Jun Early"]
[Site "chess.com INT"]
[Date "2025.06.24"]
[Round "4"]
[White "Kislinsky, Alexey"]
[Black "Odabasi, Ruzgar"]
[Result "1-0"]
[WhiteTitle "GM"]
[BlackTitle "CM"]
[WhiteElo "2341"]
[BlackElo "2170"]
[WhiteFideId "14108801"]
[BlackFideId "51604787"]
[EventDate "2025.06.24"]

1. d4 d5 2. c4 c6 3. e3 Nf6 4. Bd3 Bg4 5. Qc2 Bh5 6. Nd2 Bg6 7. Ngf3 e6 8. O-O
Bd6 9. e4 dxe4 10. Nxe4 Nxe4 11. Bxe4 Nd7 12. b3 Nf6 13. Bxg6 hxg6 14. h3 O-O
15. Bb2 Re8 16. Rad1 Qe7 17. Rd3 Rad8 18. Rfd1 Bb8 19. Ne5 Bxe5 20. dxe5 Nh7 21.
Rd6 Rxd6 22. Rxd6 Rd8 23. Qd3 Rxd6 24. exd6 Qd7 25. c5 Nf8 26. f4 f6 27. Qd4 Kf7
28. b4 Nh7 29. a3 g5 30. fxg5 Nxg5 31. h4 e5 32. Qd3 Ne6 33. g3 Nf8 34. Kg2 Qe6
35. Bc1 Nd7 36. Be3 Qa2+ 37. Kh3 Qe6+ 38. g4 e4 39. Qe2 Ne5 40. Bf4 Nd3 41. Bg3
f5 42. gxf5 Qxf5+ 43. Qg4 g6 44. Qxf5+ gxf5 45. h5 f4 46. h6 fxg3 47. h7 Kg7 48.
Kxg3 Ne5 49. Kf4 Nd7 50. Kxe4 Kxh7 51. Kf5 Kg7 52. Ke6 Nf8+ 53. Ke7 Ng6+ 54. Ke8
Ne5 55. d7 Nxd7 56. Kxd7 Kf6 57. Kc7 Ke5 58. Kxb7 Kd5 59. Kxa7 Kc4 60. Kb6 Kb3
61. Kxc6 Kxa3 62. b5 Ka4 63. b6 Ka5 64. b7 Ka6 65. b8=Q Ka5 66. Qb5# 1-0

[Event "Titled Tue 24th Jun Early"]
[Site "chess.com INT"]
[Date "2025.06.24"]
[Round "4"]
[White "Boruchovsky, Avital"]
[Black "Terkiewicz, Bruno"]
[Result "1-0"]
[WhiteTitle "GM"]
[BlackTitle "CM"]
[WhiteElo "2513"]
[BlackElo "2183"]
[WhiteFideId "2800055"]
[BlackFideId "21093245"]
[EventDate "2025.06.24"]

1. g3 d5 2. Nf3 c5 3. Bg2 Nf6 4. O-O Nc6 5. d4 Bg4 6. Ne5 h5 7. c4 cxd4 8. Nxc6
bxc6 9. h3 Bf5 10. cxd5 cxd5 11. Qxd4 Qd7 12. Nc3 Rd8 13. Bg5 Bxh3 14. Rad1 Bxg2
15. Kxg2 e6 16. Bxf6 gxf6 17. e4 h4 18. Qxf6 Rh6 19. Qe5 hxg3 20. fxg3 Rg6 21.
Nxd5 Bd6 22. Nf6+ Rxf6 23. Qxf6 Qc6 24. Qxf7# 1-0

[Event "Titled Tue 24th Jun Early"]
[Site "chess.com INT"]
[Date "2025.06.24"]
[Round "4"]
[White "Seder, Mohammed"]
[Black "Lesueur, Gabriel"]
[Result "1-0"]
[WhiteTitle "FM"]
[BlackTitle "FM"]
[WhiteElo "2075"]
[BlackElo "2278"]
[WhiteFideId "11505567"]
[BlackFideId "45186359"]
[EventDate "2025.06.24"]

1. d4 Nf6 2. Nc3 d5 3. Bf4 e6 4. Nb5 Na6 5. e3 c6 6. Nc3 Qa5 7. a3 Be7 8. Bd3 c5
9. Bxa6 Qxa6 10. dxc5 Bxc5 11. Qd3 Qc6 12. Nf3 O-O 13. Ne5 Qe8 14. O-O Nd7 15.
Nb5 Qd8 16. c4 Nxe5 17. Bxe5 Bd7 18. Rfd1 Bxb5 19. cxb5 Bd6 20. Bxd6 Qxd6 21. e4
Rfd8 22. exd5 exd5 23. Qd4 b6 24. Rac1 Rac8 25. h3 Qd7 26. a4 h6 27. Rc3 Rxc3
28. bxc3 Qc7 29. c4 1-0

[Event "Titled Tue 24th Jun Early"]
[Site "chess.com INT"]
[Date "2025.06.24"]
[Round "4"]
[White "Bruhovich, Olexandr"]
[Black "Barseghyan, Armen Ar."]
[Result "0-1"]
[WhiteTitle "CM"]
[BlackTitle "IM"]
[WhiteElo "2208"]
[BlackElo "2348"]
[WhiteFideId "14119919"]
[BlackFideId "13306707"]
[EventDate "2025.06.24"]

1. e4 c5 2. Nf3 Nc6 3. d4 cxd4 4. Nxd4 g6 5. Nxc6 bxc6 6. Nc3 Bg7 7. Be2 d6 8.
O-O Nf6 9. Be3 O-O 10. f4 a5 11. Bf3 Ba6 12. Re1 Nd7 13. e5 Qc7 14. exd6 exd6
15. f5 d5 16. Qd2 Ne5 17. Bf4 Nxf3+ 18. gxf3 Qd7 19. f6 Bxf6 20. Ne4 Bg7 21. Nc5
Qh3 22. Nxa6 Rxa6 23. Qd3 Rb6 24. Bd6 Rc8 25. b3 Bxa1 26. Rxa1 Qf5 27. Qxf5 gxf5
28. Kf2 f6 29. Re1 c5 30. Bf4 Kf7 31. Rd1 d4 32. c3 dxc3 33. Rd7+ Ke6 34. Rd3 c2
35. Rc3 a4 36. Ke2 axb3 37. axb3 Rb4 38. Be3 c4 39. Rxc2 Rxb3 40. Bf4 c3 41. Kd3
Rb2 42. Rxc3 Rxc3+ 43. Kxc3 Rf2 0-1

[Event "Titled Tue 24th Jun Early"]
[Site "chess.com INT"]
[Date "2025.06.24"]
[Round "4"]
[White "Ochedzan, Filip"]
[Black "Cori Quispe, Kevin Joel"]
[Result "0-1"]
[WhiteTitle "CM"]
[BlackTitle "GM"]
[WhiteElo "1983"]
[BlackElo "2464"]
[WhiteFideId "21892610"]
[BlackFideId "3814017"]
[EventDate "2025.06.24"]

1. Nf3 g6 2. g3 Bg7 3. Bg2 e5 4. d3 d5 5. O-O Ne7 6. e4 O-O 7. c3 c6 8. Nbd2 a5
9. Re1 Re8 10. Nf1 a4 11. Bg5 h6 12. Be3 a3 13. bxa3 Rxa3 14. Qc1 Qa5 15. Bd2
Qa6 16. Bxh6 f6 17. Bxg7 Kxg7 18. Qb2 b5 19. Ne3 Qa5 20. Rec1 Na6 21. Ne1 Be6
22. d4 dxe4 23. dxe5 f5 24. N1c2 Rxc3 25. Nd4 Rxc1+ 26. Rxc1 Qxa2 27. Qxa2 Bxa2
28. Nxc6 Rc8 29. Ra1 Nxc6 30. Rxa2 Nc5 31. Nd5 b4 32. Rb2 b3 33. Bf1 Nxe5 34.
Bc4 Nxc4 0-1

[Event "Titled Tue 24th Jun Early"]
[Site "chess.com INT"]
[Date "2025.06.24"]
[Round "4"]
[White "Caku, Kler"]
[Black "Aaron, Deepak"]
[Result "0-1"]
[WhiteTitle "WFM"]
[WhiteElo "2010"]
[BlackElo "2318"]
[WhiteFideId "4704703"]
[BlackFideId "2009412"]
[EventDate "2025.06.24"]

1. e4 e5 2. Nf3 Nc6 3. Nc3 Nf6 4. Bb5 Bd6 5. O-O O-O 6. Bxc6 dxc6 7. d3 h6 8. h3
b5 9. Ne2 c5 10. a4 c6 11. b3 Be6 12. Nh2 c4 13. bxc4 bxc4 14. f4 cxd3 15. cxd3
Rb8 16. f5 Bb3 17. Qd2 Bb4 18. Qb2 Qxd3 19. Rf3 Bc5+ 20. Kh1 Nxe4 21. Ng4 Qd1+
22. Kh2 Bc4 23. Qxe5 Bxe2 0-1

[Event "Titled Tue 24th Jun Early"]
[Site "chess.com INT"]
[Date "2025.06.24"]
[Round "4"]
[White "Blackburn, Jonathan L B"]
[Black "Damaraju, Ashwin"]
[Result "1-0"]
[WhiteTitle "FM"]
[WhiteElo "2207"]
[BlackElo "2084"]
[WhiteFideId "1801090"]
[BlackFideId "39908348"]
[EventDate "2025.06.24"]

1. d4 Nf6 2. c4 g6 3. Nc3 Bg7 4. e4 d6 5. f4 O-O 6. Be2 c5 7. d5 e6 8. Nf3 exd5
9. cxd5 Re8 10. e5 Nfd7 11. e6 fxe6 12. dxe6 Nf6 13. Bc4 Bxe6 14. Be2 Nc6 15.
O-O Kh8 16. Ng5 Bg8 17. f5 gxf5 18. Rxf5 Nd4 19. Rf1 Nxe2+ 20. Nxe2 h6 21. Nf3
Bh7 22. Ng3 d5 23. Bf4 d4 24. Qc1 Ng4 25. Qxc5 Rc8 26. Qh5 Ne3 27. Ne5 Rc7 28.
Nf7+ 1-0

[Event "Titled Tue 24th Jun Early"]
[Site "chess.com INT"]
[Date "2025.06.24"]
[Round "4"]
[White "Chitre Arush"]
[Black "Sovetbekova, Nurai"]
[Result "1-0"]
[WhiteTitle "CM"]
[BlackTitle "WFM"]
[WhiteElo "2151"]
[BlackElo "2007"]
[WhiteFideId "25959026"]
[BlackFideId "13801910"]
[EventDate "2025.06.24"]

1. d4 Nf6 2. Bf4 g6 3. Nc3 d5 4. e3 Bg7 5. h4 Bf5 6. Bd3 Nc6 7. Bxf5 gxf5 8. Qd3
Ne4 9. f3 Nxc3 10. bxc3 Qd7 11. Ne2 O-O 12. g4 fxg4 13. fxg4 e5 14. dxe5 Nxe5
15. Bxe5 Bxe5 16. O-O-O Qa4 17. Qxd5 Qa3+ 18. Kb1 Bxc3 19. Nxc3 Qxc3 20. Rd3
Qb4+ 21. Rb3 Qe7 22. g5 c6 23. Qf5 Rad8 24. e4 Rfe8 25. Rf1 c5 26. h5 Rd6 27. e5
Rd5 28. g6 fxg6 29. hxg6 Rxe5 30. Qf7+ Kh8 31. g7# 1-0

[Event "Titled Tue 24th Jun Early"]
[Site "chess.com INT"]
[Date "2025.06.24"]
[Round "4"]
[White "Manukian, Artak"]
[Black "Shogdzhiev, Roman"]
[Result "0-1"]
[BlackTitle "FM"]
[WhiteElo "2104"]
[BlackElo "2402"]
[WhiteFideId "13301373"]
[BlackFideId "55653537"]
[EventDate "2025.06.24"]

1. e4 e5 2. Nf3 Nc6 3. d4 exd4 4. Nxd4 Nf6 5. Nxc6 bxc6 6. e5 Qe7 7. Qe2 Nd5 8.
c4 Ba6 9. b3 Rd8 10. Bb2 Nf4 11. Qe3 Ne6 12. Nc3 Qc5 13. Qxc5 Bxc5 14. Ne4 Bb4+
15. Bc3 Bxc3+ 16. Nxc3 f6 17. exf6 gxf6 18. g3 Kf7 19. Bh3 Ng5 20. Bg2 Rhe8+ 21.
Kd2 d5 22. cxd5 cxd5 23. Rhe1 Ne4+ 24. Nxe4 dxe4+ 25. Kc3 Rd3+ 26. Kb4 Rd2 27.
Bxe4 Rd4+ 28. Ka5 Bc8 29. Bxh7 Rh8 30. Bc2 Rh5+ 0-1

[Event "Titled Tue 24th Jun Early"]
[Site "chess.com INT"]
[Date "2025.06.24"]
[Round "4"]
[White "Cardenas Carbajal, Nilson"]
[Black "Mecit, Emre"]
[Result "0-1"]
[WhiteTitle "CM"]
[WhiteElo "2041"]
[BlackElo "2007"]
[WhiteFideId "8401128"]
[BlackFideId "6304214"]
[EventDate "2025.06.24"]

1. e4 c6 2. Nc3 d5 3. Nf3 Bg4 4. d4 dxe4 5. Nxe4 Nd7 6. h3 Bh5 7. Be2 Ngf6 8.
Ng3 Bg6 9. O-O e6 10. Re1 Be7 11. c4 O-O 12. Bd2 c5 13. Bc3 Rc8 14. d5 exd5 15.
cxd5 Bd6 16. Qd2 Re8 17. Rad1 Nb6 18. Ba5 Bxg3 19. fxg3 Qxd5 20. Qc3 Qxa2 21.
Bb5 Rxe1+ 22. Rxe1 Qd5 23. g4 h6 24. Ne5 Be4 25. Bxb6 axb6 26. Bc4 Qd4+ 27. Qxd4
cxd4 28. Bxf7+ Kf8 29. Be6 Rc2 30. Nd7+ Nxd7 31. Rxe4 Nc5 32. Rf4+ Ke7 33. Bf5
d3 34. b4 Rc1+ 35. Kh2 d2 0-1

[Event "Titled Tue 24th Jun Early"]
[Site "chess.com INT"]
[Date "2025.06.24"]
[Round "4"]
[White "Aaradhya Das"]
[Black "Donoso Aguirre, Maximiliano"]
[Result "0-1"]
[WhiteTitle "WCM"]
[BlackTitle "CM"]
[WhiteElo "1786"]
[BlackElo "2050"]
[WhiteFideId "33361436"]
[BlackFideId "3458920"]
[EventDate "2025.06.24"]

1. e4 e5 2. Nf3 Nc6 3. c3 d5 4. Qa4 Bd7 5. exd5 Nd4 6. Qd1 Nxf3+ 7. Qxf3 Nf6 8.
Bc4 Bd6 9. d3 h6 10. h3 O-O 11. Be3 Re8 12. Nd2 c6 13. Ne4 Nxe4 14. dxe4 Qe7 15.
O-O b5 16. Bb3 a5 17. Rad1 a4 18. dxc6 Bxc6 19. Bd5 Rac8 20. Kh1 a3 21. bxa3
Bxd5 22. Rxd5 Rxc3 23. Rfd1 Bxa3 24. Rd7 Qe6 25. Qe2 Rc4 26. R7d5 Qc6 27. Qg4
Bf8 28. Kh2 b4 0-1

[Event "Titled Tue 24th Jun Early"]
[Site "chess.com INT"]
[Date "2025.06.24"]
[Round "4"]
[White "Povshednyi, Ivan"]
[Black "Mendonca, Leon Luke"]
[Result "0-1"]
[WhiteTitle "FM"]
[BlackTitle "GM"]
[WhiteElo "2309"]
[BlackElo "2603"]
[WhiteFideId "14190907"]
[BlackFideId "35028561"]
[EventDate "2025.06.24"]

1. Nf3 d5 2. g3 Nf6 3. Bg2 c6 4. c4 e6 5. O-O Bd6 6. d4 O-O 7. Qc2 Ne4 8. Nc3 f5
9. Bf4 Bxf4 10. gxf4 Bd7 11. e3 Be8 12. Ne5 Nd7 13. Nxd7 Qxd7 14. Nxe4 fxe4 15.
f3 exf3 16. Rxf3 Bg6 17. Qc3 Rf6 18. Rg3 Bf5 19. b4 Kh8 20. a4 h6 21. Qb3 Rc8
22. c5 Rff8 23. b5 b6 24. Rc1 Rc7 25. cxb6 axb6 26. bxc6 Rxc6 27. Rxc6 Qxc6 28.
Bf1 Ra8 29. Rg2 Qxa4 30. Rb2 Qa5 31. Qxb6 Qe1 32. Qb4 Qxe3+ 33. Rf2 Ra2 34. Be2
Rxe2 0-1